[Event "29th CRO-chT Junior 2020"]
[Site "Cakovec"]
[Date "2020.07.18"]
[Round "10.12"]
[White "Zekic, Patrik"]
[Black "Markovic, Marko"]
[Result "1-0"]
[WhiteElo "1699"]
[BlackElo "2232"]
[Annotator "TA"]
[PlyCount "47"]
[EventDate "2020.07.14"]
[EventType "team-tourn"]
[EventCountry "CRO"]
[SourceTitle "playchess.com"]
[Source "ChessBase"]
[SourceQuality "1"]

{[%evp 19,47,26,41,25,27,17,15,8,6,9,10,11,14,8,12,10,95,95,92,100,98,96,183,169,300,308,537,296,29995,29996]} 1. d4 d5 2. c4 e6 3. Nc3 Nf6 4. Bg5 Be7 5. e3 O-O 6. Nf3 c6 7. Bd3 Nbd7 8. O-O b6 9. cxd5 exd5 10. Rc1 Bb7 11. Qe2 {D55: Queen's Gambit Declined: 4 Bg5 Be7: Lines without ...h6 and 6...h6 7 Bxf6.} c5 12. Rfe1 h6 13. Bh4 {The position is equal.} Ne4 {aiming for ...Nxc3.} 14. Bxe7 Qxe7 {[#]} 15. Ba6 $146 ({Predecessor:} 15. Bb5 Nxc3 16. Rxc3 Nf6 17. Rec1 c4 18. Ne5 Qd6 19. Rf1 a6 20. Ba4 b5 21. Bd1 {0-1 (63) Reinke,K (1863)-Dorozala,J (1855) Voelklingen 2001}) 15... Nxc3 16. Rxc3 Bxa6 17. Qxa6 c4 {[#]} (17... Nf6 $11) 18. b3 $1 $16 cxb3 19. axb3 Nf6 20. Rec1 Rfd8 (20... Ne4 $16) 21. Ne5 $18 {Strongly threatening Nc6.} Ne4 (21... Qe6 {was worth a try.} 22. Rc6 Qe8) 22. Rc7 Qb4 $2 (22... Qe6 {was called for.} 23. Rxf7 Rdc8) 23. Rxf7 {Intending Qb7! and mate.} Qxb3 $2 {[#]} (23... Rac8 $18 24. Rf1 (24. Rxc8 Qe1+ 25. Qf1 Qxf1+ 26. Kxf1 Rxc8 $16) 24... Nd6) 24. Qb7 $1 {[%mdl 512] Black did not feel at home in the position after the opening. Accuracy: White = 82%, Black = 35%.} 1-0

[Event "29th CRO-chT Junior 2020"]
[Site "Cakovec"]
[Date "2020.07.18"]
[Round "10.13"]
[White "Topalic, Fran"]
[Black "Levacic, Matej"]
[Result "0-1"]
[WhiteElo "1741"]
[BlackElo "2040"]
[Annotator "TA"]
[PlyCount "82"]
[EventDate "2020.07.14"]
[EventType "team-tourn"]
[EventCountry "CRO"]
[SourceTitle "playchess.com"]
[Source "ChessBase"]
[SourceQuality "1"]

{[%evp 10,82,28,-2,8,27,18,14,27,-2,0,-8,5,0,0,0,3,-13,-17,-15,-15,-20,-10,-14,0,-44,-38,-44,-43,-61,-68,-68,-57,-164,-162,-160,-165,-193,-181,-192,-185,-185,-158,-160,-166,-180,-146,-245,-220,-227,-220,-226,-220,-259,-185,-243,-223,-223,-195,-379,-391,-422,-413,-446,-422,-422,-399,-508,-508,-505,-490,-699,-660,-997,-989]} 1. e4 c6 2. Nf3 d5 3. Nc3 dxe4 4. Nxe4 Nf6 5. Ng3 c5 6. d4 (6. b3 {is more complex.} Bd7 7. Bb2 Nc6 8. Bb5 e6 9. O-O) 6... cxd4 {B15: Caro-Kann: 3 Nc3: 3...g6 and 3...dxe4 4 Nxe4 Nf6 5 Nxf6+ exf6.} 7. Qxd4 Qxd4 8. Nxd4 a6 {The position is equal.} 9. Bc4 e6 10. O-O {[#]} Be7 $146 ({Predecessor:} 10... Bd7 11. Re1 Nc6 12. Nxc6 Bxc6 13. Be3 Nd5 14. Bd4 O-O-O 15. Rad1 Nf4 16. Bb6 Rxd1 17. Rxd1 {0-1 (29) Mouradian,K (2095)-Eid,F (2380) Beirut 2004}) 11. Rd1 O-O 12. Bf4 Bd7 13. Rd2 Nc6 14. Nxc6 Bxc6 15. Rad1 Nd5 16. Be5 Bg5 17. Re2 Nf4 18. Bxf4 $1 Bxf4 19. Ne4 Rfd8 $36 {[%mdl 2048] White is under pressure.} 20. Rxd8+ Rxd8 21. f3 {Black converts the advantage convincingly.} (21. Bd3 $15) 21... Rd1+ $19 22. Kf2 Bxh2 23. g3 Bg1+ 24. Kg2 Bb6 25. b3 Kf8 26. a4 Ke7 27. g4 Ba5 28. Kf2 (28. Bd3 $17) 28... Rh1 29. Kg2 Re1 30. Rxe1 Bxe1 {[%mdl 4096] Endgame KBB-KBN} 31. Bd3 Ba5 32. Kf2 (32. Ng3 $142) 32... Bb6+ 33. Kg3 h6 34. Kh4 $2 {[#]} (34. Nd2 {was necessary.}) 34... f5 35. gxf5 exf5 36. Nc3 Kf6 37. Kg3 g5 38. Bc4 Bc7+ {Black is clearly winning.} 39. Kf2 Ke5 40. Bd3 (40. Na2 $142 g4 41. fxg4 fxg4 42. Nb4) 40... h5 41. Ne2 Bb6+ {Accuracy: White = 50%, Black = 92%.} 0-1

[Event "29th CRO-chT Junior 2020"]
[Site "Cakovec"]
[Date "2020.07.18"]
[Round "10.14"]
[White "Ljubicic, Mario"]
[Black "Matota, Dominik"]
[Result "1-0"]
[WhiteElo "1966"]
[BlackElo "1807"]
[Annotator "TA"]
[PlyCount "79"]
[EventDate "2020.07.14"]
[EventType "team-tourn"]
[EventCountry "CRO"]
[SourceTitle "playchess.com"]
[Source "ChessBase"]
[SourceQuality "1"]

{[%evp 11,79,9,11,-4,0,0,32,0,2,0,13,0,29,7,34,0,9,-13,0,0,34,27,55,38,107,119,153,120,305,250,477,335,804,808,930,935,931,902,919,899,882,862,1425,1423,1425,1405,1385,1375,29990,29990,29991,29992,29992,29993,29993,29994,29994,29995,29995,29996,29996,29995,29995,29992,29992,29989,29990,29991,29991,29986]} 1. e4 e5 2. Nf3 Nc6 3. Bc4 Bc5 4. c3 Nf6 5. d3 d6 6. Bb3 h6 7. Be3 {C54: Giuoco Piano: 4 c3 Nf6, main lines with 5 d4 and 5 d3.} Bb6 8. Nbd2 {[%cal Bb1d2,Bd2f1,Bf1g3][%mdl 32]} Be6 9. Bc2 {White is slightly better.} O-O 10. O-O {[#]} Qd7 $146 ({Predecessor:} 10... d5 11. Re1 dxe4 12. dxe4 Qe7 13. Ba4 Nd7 14. Qe2 Bxe3 15. Qxe3 Ncb8 16. Bc2 a5 {1-0 (46) Alekseev,E (2620)-Sadhwani,R (2507) Moscow 2019}) 11. Re1 Rfe8 12. Nf1 Rad8 13. Ng3 Bxe3 14. fxe3 d5 15. exd5 Nxd5 16. Qd2 f6 17. d4 exd4 ({Black should play} 17... Bf7 $14) 18. exd4 $16 Nde7 19. Qd3 {Hoping for Qh7+.} g6 $2 {This costs Black the game.} (19... f5 $16) 20. Ne4 Kf7 $2 (20... Kg7 21. Nc5 (21. Nxf6 Kxf6 22. Ba4 Bf5 $17) 21... Bf5) 21. Qf1 Ng8 $2 (21... Bf5 22. Nc5 {[%mdl 64] Double Attack} Qc8) 22. Nc5 $18 {[%mdl 64] [#] Double Attack} Qc8 23. Nxe6 Rxe6 24. Bb3 {[%mdl 64] Pin} Rdd6 25. Rxe6 {[%mdl 64] Overworked Piece} Rxe6 26. d5 Rd6 27. dxc6+ Kg7 28. cxb7 Qxb7 29. Qc4 {[%csl Gb3][%cal Rc4g8]} Rd8 30. Qf7+ {White mates.} Kh8 31. Nh4 {[%cal Rh4g6]} Qb6+ 32. Kh1 {[%cal Rh4g6]} Ne7 33. Qxe7 {[%cal Rh4g6]} Rg8 34. Bxg8 Kxg8 35. Qe8+ {[%mdl 64] [#] Double Attack} Kg7 36. Qxg6+ Kf8 37. Qxh6+ Ke7 38. Qg7+ Kd8 39. Qg8+ Kd7 40. Rb1 {Accuracy: White = 77%, Black = 26%.} 1-0

[Event "29th CRO-chT Junior 2020"]
[Site "Cakovec"]
[Date "2020.07.18"]
[Round "10.15"]
[White "Borzan, Matej"]
[Black "Mijic, Karlo"]
[Result "1-0"]
[WhiteElo "1746"]
[BlackElo "1729"]
[Annotator "NA RC"]
[PlyCount "99"]
[EventDate "2020.07.14"]
[EventType "team-tourn"]
[EventCountry "CRO"]
[SourceTitle "playchess.com"]
[Source "ChessBase"]
[SourceQuality "1"]
[TimeControl "5400+30"]

1. d4 {[%emt 0:00:30]} Nf6 {[%emt 0:00:30]} 2. c4 {[%emt 0:00:00]} e6 {[%emt 0:00:00]} 3. Nc3 {[%emt 0:00:00]} Bb4 {[%emt 0:00:00]} 4. Qc2 {[%emt 0:00:00]} O-O {[%emt 0:00:30]} 5. a3 {[%emt 0:01:00]} Bxc3+ {[%emt 0:00:00]} 6. bxc3 {[%emt 0:00:00]} d5 {[%emt 0:01:00]} 7. Bg5 {[%emt 0:01:00]} c6 {[%emt 0:01:30]} 8. e3 {[%emt 0:00:30]} b6 {[%emt 0:00:30]} 9. cxd5 {[%emt 0:00:00]} cxd5 {[%emt 0:00:30]} 10. Bd3 {[%emt 0:00:00]} h6 {[%emt 0:00:00]} 11. Bh4 {[%emt 0:00:30]} Ba6 {[%emt 0:00:00]} 12. Nf3 {[%emt 0:01:30]} Bxd3 {[%emt 0:00:30]} 13. Qxd3 {[%emt 0:00:00]} Nbd7 {[%emt 0:00:00]} 14. O-O {[%emt 0:02:00]} Qc7 {[%emt 0:00:00]} 15. Rac1 {[%emt 0:02:30]} Rfc8 {[%emt 0:00:30]} 16. Nd2 {[%emt 0:04:30]} Qd6 {[%emt 0:03:30]} 17. c4 {[%emt 0:01:30]} e5 {[%emt 0:03:30]} 18. Bg3 {[%emt 0:01:30]} e4 {[%emt 0:00:30]} 19. Qb3 {[%emt 0:03:30]} Qe6 {[%emt 0:02:30]} 20. cxd5 {[%emt 0:03:30]} Nxd5 {[%emt 0:00:00]} 21. Rc2 {[%emt 0:07:30]} Rxc2 {[%emt 0:03:00]} 22. Qxc2 {[%emt 0:00:30]} N7f6 {[%emt 0:00:30]} 23. Rc1 {[%emt 0:01:30]} Qd7 {[%emt 0:00:30]} 24. Nxe4 {[%emt 0:03:30]} Nxe4 {[%emt 0:06:30]} 25. Qxe4 {[%emt 0:00:30]} Rc8 {[%emt 0:00:00]} 26. Rc2 {[%emt 0:04:30]} Nc3 {[%emt 0:07:00]} 27. Qd3 {[%emt 0:01:30]} Qa4 {[%emt 0:00:00]} 28. h3 {[%emt 0:01:30]} Qxa3 {[%emt 0:00:00]} 29. d5 {[%emt 0:00:30]} b5 {[%emt 0:00:30]} 30. d6 {[%emt 0:00:30]} b4 {[%emt 0:00:00]} 31. Be5 {[%emt 0:02:30]} Qa1+ {[%emt 0:06:00]} 32. Kh2 {[%emt 0:00:30]} Qa5 {[%emt 0:00:30]} 33. Bd4 {[%emt 0:03:30]} Qd5 {[%emt 0:01:30]} 34. Qa6 {[%emt 0:11:30]} Rc6 {[%emt 0:02:30]} 35. Qxa7 {[%emt 0:04:30]} Qxd6+ {[%emt 0:00:00]} 36. g3 {[%emt 0:00:00]} Ra6 {[%emt 0:03:00]} 37. Qb7 {[%emt 0:02:00]} Qg6 {[%emt 0:00:30]} 38. Rb2 {[%emt 0:03:30]} Na2 {[%emt 0:05:30]} 39. Bc5 {[%emt 0:02:30]} Qf6 {[%emt 0:01:30]} 40. Bd4 {[%emt 0:01:30]} Qd6 {[%emt 0:00:30]} 41. Qe4 {[%emt 0:04:30]} Qe6 {[%emt 0:04:30]} 42. Qb7 {[%emt 0:03:30]} Ra3 {[%emt 0:02:30]} 43. h4 {[%emt 0:05:30]} b3 {[%emt 0:02:30]} 44. Qb8+ {[%emt 0:00:30]} Kh7 {[%emt 0:00:30]} 45. Qf8 {[%emt 0:00:30]} f6 {[%emt 0:01:30]} 46. Qxa3 {[%emt 0:00:00]} Nc1 {[%emt 0:00:30]} 47. Qa1 {[%emt 0:00:00]} Nd3 {[%emt 0:00:30]} 48. Qb1 {[%emt 0:00:30]} Qf5 {[%emt 0:00:30]} 49. Rd2 {[%emt 0:00:30]} b2 {[%emt 0:00:30]} 50. Bxb2 {[%emt 0:00:00]} 1-0

[Event "29th CRO-chT Junior 2020"]
[Site "Cakovec"]
[Date "2020.07.18"]
[Round "10.16"]
[White "Jaksic, Josip"]
[Black "Dankos, Mislav"]
[Result "1-0"]
[WhiteElo "1616"]
[BlackElo "1274"]
[Annotator "NA RC"]
[PlyCount "63"]
[EventDate "2020.07.14"]
[EventType "team-tourn"]
[EventCountry "CRO"]
[SourceTitle "playchess.com"]
[Source "ChessBase"]
[SourceQuality "1"]
[TimeControl "5400+30"]

1. e4 {[%emt 0:00:30]} e5 {[%emt 0:00:30]} 2. Nf3 {[%emt 0:00:00]} Nc6 {[%emt 0:00:00]} 3. d4 {[%emt 0:00:00]} exd4 {[%emt 0:02:00]} 4. Bc4 {[%emt 0:00:30]} Bb4+ {[%emt 0:09:30]} 5. c3 {[%emt 0:01:30]} dxc3 {[%emt 0:00:00]} 6. bxc3 {[%emt 0:00:30]} Be7 {[%emt 0:00:00]} 7. Qd5 {[%emt 0:00:30]} Nh6 {[%emt 0:08:30]} 8. Bxh6 {[%emt 0:00:30]} O-O {[%emt 0:00:30]} 9. Be3 {[%emt 0:01:30]} d6 {[%emt 0:04:30]} 10. Nbd2 {[%emt 0:11:30]} Bf6 {[%emt 0:04:30]} 11. Rc1 {[%emt 0:03:30]} Re8 {[%emt 0:11:30]} 12. Qxf7+ {[%emt 0:02:30]} Kh8 {[%emt 0:00:00]} 13. Qh5 {[%emt 0:10:30]} Ne5 {[%emt 0:02:00]} 14. Nxe5 {[%emt 0:06:30]} Rxe5 {[%emt 0:00:30]} 15. Qe2 {[%emt 0:01:30]} Qe8 {[%emt 0:01:30]} 16. Bf4 {[%emt 0:18:30]} Rh5 {[%emt 0:07:30]} 17. Qf3 {[%emt 0:07:30]} b5 {[%emt 0:10:30]} 18. Be2 {[%emt 0:03:30]} Rc5 {[%emt 0:12:30]} 19. Nb3 {[%emt 0:02:30]} Rxc3 {[%emt 0:19:37]} 20. Rxc3 {[%emt 0:02:30]} Bg4 {[%emt 0:01:03]} 21. Qxg4 {[%emt 0:02:30]} Bxc3+ {[%emt 0:01:06]} 22. Bd2 {[%emt 0:01:30]} Qe5 {[%emt 0:02:05]} 23. O-O {[%emt 0:01:30]} Bxd2 {[%emt 0:00:48]} 24. Nxd2 {[%emt 0:00:30]} Re8 {[%emt 0:00:45]} 25. Qh5 {[%emt 0:00:53]} Qe6 {[%emt 0:00:23]} 26. Bxb5 {[%emt 0:00:40]} Rb8 {[%emt 0:00:16]} 27. Bc4 {[%emt 0:00:14]} Qf6 {[%emt 0:00:26]} 28. Nf3 {[%emt 0:04:04]} Qc3 {[%emt 0:00:36]} 29. Ng5 {[%emt 0:01:08]} h6 {[%emt 0:00:23]} 30. Nf7+ {[%emt 0:01:56]} Kh7 {[%emt 0:00:37]} 31. Qf5+ {[%emt 0:02:02]} g6 {[%emt 0:00:11]} 32. Qd7 {[%emt 0:01:54]} 1-0

[Event "29th CRO-chT Junior 2020"]
[Site "Cakovec"]
[Date "2020.07.18"]
[Round "10.17"]
[White "Cotic, Borna"]
[Black "Jambresic, Filip"]
[Result "1/2-1/2"]
[WhiteElo "2049"]
[BlackElo "2077"]
[Annotator "TA"]
[PlyCount "118"]
[EventDate "2020.07.14"]
[EventType "team-tourn"]
[EventCountry "CRO"]
[SourceTitle "playchess.com"]
[Source "ChessBase"]
[SourceQuality "1"]

{[%evp 12,118,32,10,31,29,27,13,29,25,31,31,33,24,29,21,20,0,17,18,37,27,33,22,56,37,39,30,36,37,36,45,58,20,29,37,37,12,22,18,19,15,14,12,8,5,6,0,0,0,7,0,0,0,8,2,14,0,0,0,0,0,0,0,0,0,0,0,-4,0,8,0,8,8,8,8,10,0,0,0,0,0,0,0,0,0,0,0,0,0,0,0,0,0,0,0,0,0,0,0,0,0,0,0,0,0,0,0,0]} 1. e4 c5 2. Nf3 Nc6 3. Bb5 g6 4. Bxc6 dxc6 5. d3 Bg7 6. h3 e5 7. Nc3 Qc7 {B31: Sicilian: 2...Nc6 3 Bb5 g6.} 8. Be3 b6 9. Qd2 Nf6 10. Bh6 O-O 11. Bxg7 Kxg7 12. O-O {[#]} Ne8 $146 ({Predecessor:} 12... Re8 13. a4 a5 14. b3 h6 15. Ne2 Nh5 16. Rae1 Be6 17. Nh2 Nf4 18. Nxf4 exf4 19. Nf3 Rad8 20. Kh2 Re7 {½-½ (38) Mehlhorn,W (2498)-Boehme,S (2525) Remote email 2011}) 13. Rae1 f6 14. Nh4 g5 15. Nf3 Qd6 16. Ne2 Nc7 17. Ng3 h6 18. Qe2 Kh7 19. Nd2 Be6 20. Nc4 Qe7 21. Ne3 Rad8 22. Ngf5 Bxf5 23. Nxf5 Qf7 24. g3 Ne6 {The position is equal.} 25. Kh2 Nd4 26. Nxd4 cxd4 27. b3 Rde8 28. f4 gxf4 29. gxf4 Rg8 30. Qf3 Rg6 31. fxe5 Rxe5 32. Rg1 Reg5 33. Rxg5 Rxg5 $11 {[%mdl 4096] Endgame KQR-KQR} 34. e5 Qe6 35. Qxf6 Qxf6 36. exf6 {KR-KR} Kg6 37. Re7 Kxf6 38. Rxa7 Rc5 39. Kg3 Rxc2 40. Kf4 Rh2 41. Ra6 Rxh3 42. Rxb6 Rxd3 43. Rxc6+ Kg7 $1 44. Ke4 Rd2 $1 45. a4 h5 $1 46. a5 Rb2 47. Kxd4 {[#] aiming for Rc3.} Rxb3 48. Kc4 Ra3 49. Kb4 (49. Kb5 {is more complex.} h4 50. Rc4 h3 51. Rh4 Kf6 52. Kb4) 49... Ra1 50. Kb5 h4 51. a6 h3 52. Rc2 Kg6 53. Rh2 Ra3 54. Kb6 Kg5 55. a7 {[#] And now Rxh3! would win.} Kg4 56. Rc2 Rxa7 57. Kxa7 Kg3 58. Rc3+ Kg2 59. Rxh3 Kxh3 {Accuracy: White = 95%, Black = 97%.} 1/2-1/2

[Event "29th CRO-chT Junior 2020"]
[Site "Cakovec"]
[Date "2020.07.18"]
[Round "10.18"]
[White "Karlusic, Luka"]
[Black "Simunic, Krunoslav"]
[Result "1-0"]
[WhiteElo "2169"]
[BlackElo "2047"]
[Annotator "TA"]
[PlyCount "57"]
[EventDate "2020.07.14"]
[EventType "team-tourn"]
[EventCountry "CRO"]
[SourceTitle "playchess.com"]
[Source "ChessBase"]
[SourceQuality "1"]

{[%evp 11,57,79,72,60,79,55,85,38,54,30,87,56,80,49,55,54,105,0,60,45,81,61,65,5,8,8,20,35,95,96,124,129,262,279,720,709,925,927,1211,1202,1127,1126,1126,1055,1228,1220,29998,29999]} 1. d4 Nf6 2. c4 e5 3. dxe5 Ng4 4. Bf4 g5 5. Bg3 Bg7 6. Nf3 Nc6 {[%cal Rg4e5]} 7. Nc3 {7.h4 is the hot move. A52: Budapest Gambit.} Ngxe5 8. e3 d6 9. Be2 {White is better.} Be6 10. Qa4 Bd7 {[#]} (10... Nxf3+ $11 11. Bxf3 O-O) 11. Qa3 $146 ({Predecessor:} 11. Nxe5 Nxe5 12. Qc2 Be6 13. O-O h5 14. Rad1 g4 15. c5 Qe7 16. cxd6 cxd6 17. Ne4 {1-0 (26) Kolasinski,K (2104)-Sochacki,Z (1887) Jastrzebia Gora 2019}) 11... Be6 12. Nd5 Nxf3+ 13. gxf3 Ne5 (13... Ne7 $14) 14. Rd1 (14. h4 $16) 14... c6 (14... Ng6 $1 $11) 15. Nc3 $1 $14 Nxc4 16. Bxc4 Bxc4 17. Bxd6 (17. Rxd6 $14 Qb6 18. h4) 17... Qf6 $132 {[%mdl 2048] Black is not holding back} 18. f4 gxf4 19. Bxf4 {Threatens to win with Ne4.} Qg6 {[#]} (19... Qe7 $14 20. Qa4 Bxc3+ 21. bxc3 Qe4) 20. Kd2 $1 $16 Bf8 21. Qa5 b5 {Black cannot hold the game after this.} (21... Qe6 $16 {was worth a try.}) 22. Kc1 $18 {And now Bb8! would win.} Bc5 $2 (22... Qe6 23. Rd4 Be7) 23. Qc7 {aiming for Qe5+.} Qe6 {[#]} 24. Ne4 $1 {[%mdl 512]} Bb6 {[#]} (24... Qxe4 25. Qd7+) 25. Nf6+ $1 {[%mdl 576] Deflection} Qxf6 26. Qd7+ Kf8 27. Bd6+ Kg7 28. Rhg1+ Kh6 29. Qh3+ {Accuracy: White = 76%, Black = 31%.} 1-0

[Event "29th CRO-chT Junior 2020"]
[Site "Cakovec"]
[Date "2020.07.18"]
[Round "10.19"]
[White "Baric, Marko"]
[Black "Cigrovski, Jakov"]
[Result "1-0"]
[WhiteElo "1831"]
[BlackElo "2010"]
[Annotator "TA"]
[PlyCount "63"]
[EventDate "2020.07.14"]
[EventType "team-tourn"]
[EventCountry "CRO"]
[SourceTitle "playchess.com"]
[Source "ChessBase"]
[SourceQuality "1"]

{[%evp 9,63,18,24,17,21,12,19,18,40,44,53,-2,9,1,14,-11,-10,-47,0,-56,-64,-189,-185,-261,-247,-360,-367,-373,-384,-366,-89,-81,-86,-234,-69,-212,-205,-200,-194,-254,-256,-214,-220,-417,-196,-268,10,16,8,14,980,960,29997,29998,29998,29999]} 1. e4 c5 2. Nf3 d6 3. Bb5+ Nd7 4. O-O a6 5. Bd3 Ngf6 6. c3 {B51: Sicilian: Moscow Variation (3 Bb5+) without 3...Bd7.} b5 7. Bc2 Bb7 8. Qe2 {The position is equal.} Qc7 9. d4 cxd4 10. Nxd4 {[#]} (10. cxd4 $14 e5 11. Nc3) 10... e6 $146 ({Predecessor:} 10... Rc8 11. Bg5 h6 12. Bh4 g5 13. Bg3 h5 14. h3 h4 15. Bh2 g4 16. hxg4 h3 {1-0 (49) De Barberis,M (2097)-Jablon,S Bratto 1999}) 11. Bg5 Be7 12. Nd2 O-O 13. f4 Rac8 (13... b4 $5) 14. Rac1 {[#]} (14. a3 $11) 14... b4 $1 $15 {[%mdl 512]} 15. c4 {[#]} (15. Bb1 $15) (15. cxb4 Qb6) 15... Qb6 $1 $19 {[%cal Rb6d4]} 16. N2b3 (16. c5 {keeps fighting.} Qxc5 17. N2b3) 16... e5 17. fxe5 (17. c5 $142 Rxc5 18. Nxc5 Qxc5 {[%mdl 64] Pin} 19. Qd1 Qxd4+ 20. Qxd4 exd4 21. Bh4) 17... dxe5 {[%mdl 64] Pin} 18. Be3 {With the idea Nf5.} exd4 19. Bxd4 Qc7 $2 (19... Qe6 $19 {[%cal Rf6e4] is more deadly.} 20. e5 g6) 20. e5 $17 Ne8 21. Bf5 (21. e6 $17 {was necessary.} Ndf6 22. Bf5) 21... Rd8 $2 (21... g6 $19 22. Bh3 (22. e6 $2 gxf5 23. exd7 Qxd7 $19) 22... Nc5 23. Bxc8 Nxb3 24. axb3 Bxc8) 22. Qe3 (22. e6 $1 $15 Ndf6 23. exf7+ Rxf7 24. Be6) 22... f6 $19 23. exf6 Bxf6 24. Qh3 (24. c5 $142 Bc6 25. Qd3) 24... g6 25. Be6+ Kh8 {Threatens to win with ...Bxd4+.} 26. Kh1 $2 (26. Qe3) 26... Qd6 (26... Bxd4 $142 27. Nxd4 Qe5) 27. c5 {[#]} (27. Bg1 $142 Qc7 28. Rcd1) 27... Bxg2+ $2 (27... Qe7 $1 $19 {aiming for ...Bxd4.} 28. Bxd7 Rxd7) 28. Kxg2 $11 Qc6+ 29. Kg1 $1 {Threatening Qe3.} Ne5 $2 {[%mdl 8192]} (29... Nc7 $11 30. Bxf6+ Nxf6) 30. Bxe5 $18 Bxe5 31. Rxf8+ Kg7 32. Rf7+ {Accuracy: White = 32%, Black = 48%.} 1-0

[Event "29th CRO-chT Junior 2020"]
[Site "Cakovec"]
[Date "2020.07.18"]
[Round "10.20"]
[White "Mahecic, Lovre"]
[Black "Cecic-Sule, Dino"]
[Result "1-0"]
[WhiteElo "1949"]
[BlackElo "1695"]
[Annotator "TA"]
[PlyCount "65"]
[EventDate "2020.07.14"]
[EventType "team-tourn"]
[EventCountry "CRO"]
[SourceTitle "playchess.com"]
[Source "ChessBase"]
[SourceQuality "1"]

{[%evp 17,65,14,31,15,28,20,30,33,28,38,37,2,70,84,83,82,77,73,81,91,92,61,58,25,30,32,37,32,35,0,184,182,172,173,177,173,358,378,372,369,399,388,379,375,564,561,1212,1211,29991,29992]} 1. c4 e5 2. Nc3 Nf6 3. g3 d5 4. cxd5 Nxd5 5. Bg2 Nxc3 6. bxc3 Bd6 7. d3 O-O 8. Nf3 h6 9. O-O Nc6 {[#]} 10. a4 $146 {A29: English Opening: Four Knights Variation with 4 g3.} ({Predecessor:} 10. Rb1 Ne7 11. Nd2 c6 12. Nc4 Bc7 13. Ba3 Re8 14. e4 b5 15. Ne3 Bd6 16. Qc1 Be6 17. Bxd6 Qxd6 {1-0 (38) Corominas Garrido,J (1918)-Pereda Villalba,J (1767) Barcelona 2017}) 10... Qe7 11. Nd2 Be6 12. Ne4 {White has an edge.} f5 13. Nxd6 cxd6 14. Ba3 Qd7 ({Better is} 14... f4 $11) 15. d4 $14 exd4 16. cxd4 {[#] Strongly threatening d5.} Bc4 17. Rc1 Ba6 18. Re1 Rfe8 19. e3 d5 20. Rb1 b6 21. Qh5 Kh7 22. Rec1 Na5 23. Bb4 g6 $2 (23... Bd3 $11 {and Black stays safe.}) 24. Qf3 $36 {[%mdl 2048] White has strong initiative.} Bd3 25. Qxd5 Qxd5 26. Bxd5 Rad8 $2 (26... Rac8) 27. Rc7+ Kh8 28. Rd1 Be2 29. Re1 Rxd5 30. Rxe2 Kg8 (30... Red8 {was necessary.} 31. Rb2 R8d7) 31. Rec2 g5 32. Rxa7 {[#] Intending Rcc7 and mate.} f4 33. Rcc7 {Accuracy: White = 74%, Black = 49%.} 1-0

[Event "29th CRO-chT Junior 2020"]
[Site "Cakovec"]
[Date "2020.07.19"]
[Round "11"]
[White "Tomulic, Teo"]
[Black "Topalic, Fran"]
[Result "1-0"]
[WhiteElo "2359"]
[BlackElo "1741"]
[Annotator "TA"]
[PlyCount "53"]
[EventDate "2020.??.??"]
[EventCountry "CRO"]
[SourceTitle "playchess.com"]
[Source "ChessBase"]
[SourceQuality "1"]

{[%evp 24,53,39,30,58,52,66,70,84,72,100,83,119,90,165,187,233,231,231,235,212,193,287,268,575,574,719,720,643,635,29990,29991]} 1. e4 e5 2. Nf3 Nc6 3. Bb5 a6 4. Ba4 Nf6 5. O-O Be7 6. Re1 b5 7. Bb3 d6 8. c3 O-O 9. h3 Bb7 10. d4 Re8 11. Nbd2 {[%cal Bb1d2,Bd2f1,Bf1g3,Bg3f5][%mdl 32]} h6 12. Nf1 Bf8 13. Ng3 exd4 {C93: Closed Ruy Lopez: Smyslov Variation.} 14. cxd4 Na5 15. Bc2 $1 c5 {White is slightly better.} 16. d5 {[#]} Rc8 $146 ({Predecessor:} 16... Nc4 17. b3 Nb6 18. Bf4 g6 19. a4 Nbd7 20. Qc1 h5 21. Qd2 Qb6 22. Bh6 Nh7 23. Bxf8 Nhxf8 {1-0 (50) Glazman,M (2555)-Schroeder,M (2432) ICCF email 2007}) 17. Nf5 b4 18. Bf4 c4 (18... Nh5 $16) 19. N3d4 $18 b3 20. axb3 Nxb3 21. Nxb3 cxb3 22. Bd3 ({Don't play} 22. Bxb3 $6 Rxe4 23. Rxe4 Nxe4 $16) 22... Qb6 (22... Rc7 {keeps fighting.} 23. Qf3 (23. Qxb3 Bc8 $18) 23... Bc8) 23. Ra3 Red8 $2 {[#]} (23... Rb8 {is tougher.} 24. Rxb3 Qc7) 24. Rxb3 Qa7 25. Be3 Qa8 26. Bd4 Nd7 {[#]} 27. Nxh6+ $1 {[%mdl 512] Black got outplayed after the opening. Accuracy: White = 89%, Black = 23%.} 1-0

[Event "29th CRO-chT Junior 2020"]
[Site "Cakovec"]
[Date "2020.07.19"]
[Round "11"]
[White "Cvitan, Ena"]
[Black "Sundac, Ivano"]
[Result "1-0"]
[WhiteElo "2258"]
[BlackElo "1408"]
[Annotator "NA RC"]
[PlyCount "75"]
[EventDate "2020.??.??"]
[EventCountry "CRO"]
[SourceTitle "playchess.com"]
[Source "ChessBase"]
[SourceQuality "1"]
[TimeControl "5400+30"]

1. d4 d5 2. c4 e6 3. Nc3 Nf6 4. cxd5 exd5 5. Bg5 Be7 6. e3 c6 7. Bd3 O-O 8. f3 {D35: Queen's Gambit Declined: Exchange Variation.} h6 9. Bh4 Nbd7 10. Nge2 Re8 11. O-O Nf8 12. Qd2 {[#]} b6 $146 ({Predecessor:} 12... Ng6 13. Bf2 Bd6 14. h3 Qc7 15. Rae1 Nh5 16. e4 Nhf4 17. e5 Bb4 18. Nxf4 Nxf4 19. Qxf4 {1-0 (38) Serrer,D (1790)-Ellert,O (1620) Playchess.com INT 2020}) 13. Rac1 Bb7 14. Bf2 Rc8 15. Kh1 c5 16. Bf5 Ne6 17. Nf4 Bd6 18. Bg3 Rb8 19. Bxe6 fxe6 20. Nb5 Ba6 (20... Rc8 $14) 21. Nxd6 Qxd6 22. Nd3 Qe7 $18 23. Bxb8 Rxb8 24. Rfe1 c4 25. Ne5 Qe8 26. b3 b5 27. Qa5 Rb6 28. Rb1 Qb8 29. Rec1 Kh7 30. Kg1 Qf8 31. bxc4 dxc4 32. Nxc4 bxc4 33. Rxb6 axb6 34. Qxa6 Nd5 35. Qxc4 Qa3 36. Re1 Qa5 37. Rd1 b5 38. Qd3+ 1-0